000 00543nam a2200217Ia 4500
003 OSt
005 20220928140523.0
006 a|||||r|||| 00| 0
007 ta
008 220927b |||||||| |||| 00| 0 eng d
024 _a9169
037 _cTextual
040 _aSDCL
_cSDCL
_beng
041 _2eng
_aeng
082 _aO-,3:g(Y), K4
100 _aGoldman Lucien
_9495688
245 0 _aTowards a sociology of the novel.
260 _c1964
942 _hO-,3:g(Y), K4
_cTEXL
_2CC
999 _c811917
_d811917